01868 a2200241 4500003000500000005001700005010001600022020001700038040000900055082001700064245009300081250001200174260004900186300003300235440003800268505102800306650004301334650003401377700001701411700001901428856008901447856009001536Nust20221212105732.0 a 93198528 a0412477602 : cNust00a621.3822,DIG00aDigital signal processing in telecommunications /cedited by F.A. Westall and S.F.A. Ip. a1st ed. aLondon ;aNew York :bChapman & Hall,c1993. axi, 486 p. :bill. ;c24 cm. 0aBT telecommunications series ;v3 aDigital signal processing in telecommunications.(Page-1), Fixed filtering - a review and some new ideas (Page-38), Adaptive filters - a review of techniques. (Page-67), Adaptive filtering - applications in telephony (Page-111), A signal processing application development environment (Page-139), A low-complexity high-speed digital subscriber loop transceiver (Page-161), An application of DSP to voiceband modems (Page-178), Block coding for voiceband modems (Page-217), Correlative-level Mod(N) encoding and near-maximum likelihood decoding (Page-238), A review of digital signal processing techniques in speech analysis (Page-263), Speech coding for telecommunications. (Page-300), The DSP development platform for the Skyphone speech codec (Page-326), The DSP network emulator for subjective assessment (Page-352), A hybrid bandsplitting acoustic noise canceller (Page-373) Video codec design using DSP devices (Page-400), Digital implementation of neural networks DSP in network modelling and measurement (Page-443). 0aSignal processingxDigital techniques. 0aTelecommunication Engineering1 aIp, S. F. A.1 aWestall, F. A.423Publisher descriptionuhttp://www.loc.gov/catdir/enhancements/fy0821/93198528-d.html423Table of contents onlyuhttp://www.loc.gov/catdir/enhancements/fy0821/93198528-t.html